000
00215nam a22001097a 4500
041
_a
ENG
245
_a
Vanrai 2001
260
_a
Pune
_b
Vanrai Sanstha
_c
2001
300
_a
248
650
_a
GAE (15)
856
_u
GAE (15)
999
_c
2973
_d
2973